| 000 -ლიდერი |
| ფიქსირებული სიგრძის საკონტროლო ველი |
01303nam a22002297a 4500 |
| 003 - საკონტროლო ნომრის იდენტიფიკატორი |
| საკონტროლო ველი |
Ge_BSU |
| 005 - ბოლო ოპერაციის თარიღი და დრო |
| საკონტროლო ველი |
20240321124356.0 |
| 008 - ფიქსირებული სიგრძის მონაცემთა ელემენტები - ზოგადი ინფორმაცია |
| ფიქსირებული სიგრძის საკონტროლო ველი |
240321s2020ge xxu||||| |||| 00| 0 geo d |
| 020 ## - წიგნის საერთაშორისო სტანდარტული ნომერი |
| International Standard Book Number |
9789941484964 |
| 041 ## - ენის კოდი |
| Language code of text/sound track or separate title |
geo |
| 080 ## - უნივერსალური ათობითი კლასიფიკაციის ინდექსი |
| Universal Decimal Classification number |
070.22(479.22) გ-15 |
| 245 ## - ცნობა სათაურის შესახებ |
| Title |
გაზეთ ”ინდუსტრიული ქუთაისის” ანალიტიკური ბიბლიოგრაფია, 1941-1942 წწ. / |
| Statement of responsibility, etc |
რედ. რიტა წაქაძე ; დიზაინი გელა ღაჭავა. |
| 264 ## - წარმოების, გამოცემის, დისტრიბუციის და სხვა ცნობები |
| გამოცემის, წარმოების, დისტრიბუციის... ადგილი |
ქუთაისი : |
| გამოცემის, წარმოების, დისტრიბუციის... სახელწოდება |
კაკი წერეთლის სახელმწ. უნივერსიტეტის გამომცემლობა, |
| გამოცემის, წარმოების, დისტრიბუციის... თარიღი |
2020. |
| 300 ## - ფიზიკური აღწერა |
| Extent |
844 გვ. ; |
| Other physical details |
29,5 სმ. |
| 653 ## - INDEX TERM--UNCONTROLLED |
| Uncontrolled term |
ქართული გაზეთები. |
| 653 ## - INDEX TERM--UNCONTROLLED |
| Uncontrolled term |
ანალიტიკური ბიბლიოგრაფია |
| 700 ## - ADDED ENTRY--PERSONAL NAME |
| Personal name |
წაქაძე, რიტა |
| Relator term |
რედაქტორი |
| 9 (RLIN) |
13355 |
| 700 ## - ADDED ENTRY--PERSONAL NAME |
| Personal name |
ღაჭავა, გელა |
| Relator term |
დიზაინი |
| 9 (RLIN) |
21513 |
| 710 ## - ADDED ENTRY--CORPORATE NAME |
| Corporate name or jurisdiction name as entry element |
ქუთაისის ილია ჭავჭავაძის სახ. საჯარო ბიბლიოთეკა |
| 9 (RLIN) |
21514 |
| 773 ## - HOST ITEM ENTRY |
| Title |
ნაჩუქარი |
| 942 ## - ADDED ENTRY ELEMENTS (KOHA) |
| Source of classification or shelving scheme |
|
| Koha item type |
წიგნი |